000 00737nam a22002297a 4500
999 _c4298
_d4298
001 4298
003 BD-JhCC
005 20171127130344.0
008 171125s2007 bg |||| |||| 000 0 ben d
020 _a9844320895
035 _a(BD-JhCC)4298
040 _aBD-JhCC
_dBD-JhCC
041 _aben
082 _a910.4
_bUZZ 2007
100 _aউজ্জল, আশরাফুজ্জামান
245 _aএবং পূর্ব আফ্রিকা /
_cআশরাফুজ্জামান উজ্জল
260 _aঢাকা :
_bসাহিত্য বিকাশ ,
_c২০০৭.
300 _a১২৬ পৃ . :
_bill. ;
_c২২ সেমি.
650 _aTravelogue
942 _2ddc
_cBK